| 000 | 00760nam a2200265 a 4500 | ||
|---|---|---|---|
| 003 | AR-BaBNM | ||
| 005 | 20251128203804.0 | ||
| 008 | 082120s2002 ||||||||||||||000 | spa|| | ||
| 040 | _cAR-BaBNM | ||
| 100 | 1 | _aWood, Alfredo | |
| 245 | 0 | 0 |
_aGimnasia y recreación en la escuela primaria _badaptado a los programas del H. Consejo Nacional de Educación |
| 250 | _a1ª ed. | ||
| 260 |
_aBuenos Aires _bKapelusz _c1951 |
||
| 300 |
_a242 p. _bil. |
||
| 504 | _aBibliografía p. 235 | ||
| 650 | 4 | _aEDUCACION FISICA | |
| 650 | 4 | _aTIEMPO LIBRE | |
| 650 | 4 | _aJUEGOS EDUCATIVOS | |
| 650 | 4 | _aACTIVIDADES DEPORTIVAS | |
| 650 | 4 | _aACTIVIDADES AL AIRE LIBRE | |
| 653 | _aEDUCACION PRIMARIA | ||
| 653 | _aEXPRESION CORPORAL | ||
| 942 | _cBK | ||
| 998 | _cCarmen | ||
| 999 |
_c4949 _d4949 |
||